Advanced engineering mathematics (Record no. 2354)

000 -LEADER
fixed length control field 00457nam a22001937a 4500
001 - CONTROL NUMBER
control field 2354
003 - CONTROL NUMBER IDENTIFIER
control field BD-DhUET
008 - FIXED-LENGTH DATA ELEMENTS--GENERAL INFORMATION
fixed length control field 140922b xxu||||| |||| 00| 0 eng d
020 ## - INTERNATIONAL STANDARD BOOK NUMBER
International Standard Book Number 8121903459
040 ## - CATALOGING SOURCE
Transcribing agency 0
Modifying agency BD-DhUET
082 ## - DEWEY DECIMAL CLASSIFICATION NUMBER
Classification number 510
Item number DAS/2007
100 ## - MAIN ENTRY--PERSONAL NAME
Personal name Dass, H.K.
245 ## - TITLE STATEMENT
Title Advanced engineering mathematics
250 ## - EDITION STATEMENT
Edition statement 17th Rev. ed.
260 ## - PUBLICATION, DISTRIBUTION, ETC. (IMPRINT)
Place of publication, distribution, etc. Ram Nagar
Name of publisher, distributor, etc. S. Chand.
Date of publication, distribution, etc. 2007
300 ## - PHYSICAL DESCRIPTION
Extent xvi,1274p.
650 #0 - SUBJECT ADDED ENTRY--TOPICAL TERM
Topical term or geographic name as entry element Mathematics
942 ## - ADDED ENTRY ELEMENTS (KOHA)
Koha item type General Book
Holdings
Source of classification or shelving scheme Date acquired Koha date last borrowed Koha out on loan Withdrawn status Lost status Not for loan Sublocation or collection (holding branch) Koha normalized classification for sorting Damaged status Koha date last seen Piece designation (barcode) Location (home branch) Shelving location Koha issues (times borrowed) Price effective from Copy number Koha full call number Koha item type
 2014-09-222022-11-23    Central Library, BUET510DAS2007 2023-05-06103924Central Library, BUETCirculation section32014-09-221510/DAS/2007General Book
 2014-09-222026-01-132026-01-27   Central Library, BUET510DAS2007 2026-01-13103925Central Library, BUETCirculation section62014-09-222510/DAS/2007General Book
 2014-09-222024-12-01    Central Library, BUET510DAS2007 2025-02-10103927Central Library, BUETCirculation section42014-09-223510/DAS/2007General Book
 2014-09-222023-03-22    Central Library, BUET510DAS2007 2023-06-05103928Central Library, BUETCirculation section32014-09-224510/DAS/2007General Book
 2014-09-222014-11-12    Central Library, BUET510DAS2007 2016-02-24103929Central Library, BUETCirculation section12014-09-225510/DAS/2007General Book
 2014-09-222023-01-11    Central Library, BUET510DAS2007 2023-02-28103931Central Library, BUETCirculation section22014-09-227510/DAS/2007General Book
 2014-09-222026-04-152026-04-29   Central Library, BUET510DAS2007 2026-04-15103930Central Library, BUETCirculation section32014-09-226510/DAS/2007General Book
 2015-01-262019-01-20    Central Library, BUET510_000000000000000_DAS_2007 2019-03-31103922Central Library, BUETCirculation section22015-01-268510/DAS/2007General Book
 2015-09-012025-03-02    Central Library, BUET510DAS_2007_000000000000000 2025-04-07103923Central Library, BUETCirculation section22015-09-019510DAS/2007General Book
 2007-05-282024-11-242024-12-08   Central Library, BUET510_000000000000000_DAS_2007 2024-11-24103926Central Library, BUETCirculation section112017-05-2910510/DAS/2007General Book